Games Filipino children play / (Record no. 110586)
[ view plain ]
| 000 -LEADER | |
|---|---|
| fixed length control field | 00580nam a2200217 a 4500 |
| 001 - CONTROL NUMBER | |
| control field | 0780 |
| 005 - DATE AND TIME OF LATEST TRANSACTION | |
| control field | 20140414131859.0 |
| 008 - FIXED-LENGTH DATA ELEMENTS--GENERAL INFORMATION | |
| fixed length control field | 040929s19uu xx 00 eng d |
| 050 ## - LIBRARY OF CONGRESS CALL NUMBER | |
| Classification number | FIL 790 |
| Item number | M54 1978 |
| 100 ## - MAIN ENTRY--PERSONAL NAME | |
| Personal name | Mercado, Monina A. |
| 245 ## - TITLE STATEMENT | |
| Title | Games Filipino children play / |
| Statement of responsibility, etc | text by Monina A. Mercado. |
| 260 ## - PUBLICATION, DISTRIBUTION, ETC. (IMPRINT) | |
| Place of publication, distribution, etc | Para�aque : |
| Name of publisher, distributor, etc | Philippine Appliance. |
| 300 ## - PHYSICAL DESCRIPTION | |
| Extent | 76 p. : ill. ; cm. |
| 440 ## - SERIES STATEMENT/ADDED ENTRY--TITLE | |
| Title | Philacor Young People's Library |
| 650 ## - SUBJECT ADDED ENTRY--TOPICAL TERM | |
| Topical term or geographic name as entry element | Games |
| General subdivision | Filipino. |
| Withdrawn status | Lost status | Damaged status | Use restrictions | Home library | Current library | Shelving location | Date acquired | Source of acquisition | Total Checkouts | Full call number | Barcode | Date last seen | Price effective from | Koha item type |
|---|---|---|---|---|---|---|---|---|---|---|---|---|---|---|
| Munich Library | Munich Library | Filipiniana Section | 09/29/2004 | FIL 790 M54 1978 | M1035 | 04/14/2014 | 04/14/2014 | Books | ||||||
| Munich Library | Munich Library | Filipiniana Section | 10/20/2004 | FIL 790 M54 1978 | M1034 | 04/14/2014 | 04/14/2014 | Books | ||||||
| Munich Library | Munich Library | Filipiniana Section | 10/20/2004 | FIL 790 M54 1978 | M1033 | 04/14/2014 | 04/14/2014 | Books | ||||||
| Munich Library | Munich Library | Filipiniana Section | 09/13/2010 | FIL 790 M54 1978 | M1032 | 04/14/2014 | 04/14/2014 | Books | ||||||
| Munich Library | Munich Library | Filipiniana Section | 09/13/2010 | FIL 790 M54 1978 | M1031 | 04/14/2014 | 04/14/2014 | Books |